Écologie 1 - Vocabulaire - Statistiques

Statistiques générales
  • Ce quiz a été pris 77 fois
    39 depuis la dernière actualisation
  • Le résultat moyen est 2 sur 190
Statistiques - réponses
Hint Réponse % Correct
Couche gazeuse qui entoure le globe terrestre. Atmosphère
25%
Conséquences négatives d'un surpeuplement d'individus d'une même espèce sur leur physiologie, leur comportement ou leur survie. Effet de masse
25%
Ensemble des eaux présentes sur la Terre. Hydrosphère
25%
Couche externe rigide de la Terre, composée de la croûte et de la partie supérieure du manteau. Lithosphère
25%
Processus de formation des chaînes de montagnes et des reliefs de l'écorce terrestre. Orogénèse
25%
Sol gelé en permanence. Permafrost
25%
Terme qualifiant un organisme recherchant un milieu au pH inférieur à 6, comme certains lombrics et microorganismes. Acidophile
0%
Modification physique du comportement inné ou acquis d'un organisme qui augmente ses chances de survie dans son environnement. Adaptation éthologique
0%
Modification physique de la structure, de la forme ou de l'apparence d'un organisme qui augmente ses chances de survie dans son environnement. Adaptation morphologique
0%
Mélange de gaz composé de diazote, de dioxygène et d'autres gaz en petite quantité (gaz rare, dCO2, méthane,...). Air
0%
Terme qualifiant des populations ou espèces séparées géographiquement, empêchant les échanges génétiques. Allopatrique
0%
Interaction biotique où une espèce subit un effet négatif d'une association avec une autre espèce partageant le même écosystème qui n'en tire ni avantage, ni inconvénient. Amensalisme
0%
Terme qualifiant les bactéries ayant pour rôle de libérer l'ammoniac (NH3) de la matière organique. Ammonifiantes
0%
Libération d'ammoniac (NH3) par de la matière organique azotée, du fait de l'action de micro-organismes. Ammonification
0%
Continent recouvert de glace, très froid, sec et venteux, au pôle Sud de la Terre. Antarctique
0%
Terme décrivant l'ère géologique actuelle, où l'activité humaine est devenue la force dominante. Anthropocène
0%
Océan gelé composé exclusivement de banquises, au pôle Nord de la Terre. Arctique
0%
Processus par lequel les organismes transforment l'azote minéral du sol en composés organiques nécessaires à leur croissance. Assimilation
0%
Influence des facteurs biotiques et abiotiques sur un individu ou une espèce. Autoécologie
0%
Terme qualifiant un organisme recherchant un milieu au pH supérieur à 7, comme certaines amibes. Basophile
0%
Capacité des organismes aquatiques à accumuler les substances chimiques à des concentrations supérieures à celles du milieu. Bioaccumulation
0%
Augmentation cumulative des concentrations d'une substance, à mesure qu'on monte dans la chaîne alimentaire. Bioamplification
0%
Ensemble des êtres vivants d'un biotope ou d'un milieu donné. Biocénose
0%
Concentration d'une substance chimique au sein d'un organisme, calculé en ppm. Bioconcentration
0%
Écosystème terrestre ou aquatique soumis au climat. Biome
0%
Couche du globe terrestre où vivent les espèces. Biosphère
0%
Milieu géographique caractérisé par des conditions spécifiques et abritant un ensemble d'organismes vivants. Biotope
0%
Réarrangement du matériel génétique lors de la reproduction sexuée, assurant la diversité des gamètes, des individus et des descendants. Brassage génétique
0%
Rodenticide anticoagulant de deuxième génération, très puissant, utilisé pour lutter contre les infestations de rongeurs ayant aussi un impact sur leurs prédateurs. Bromadiolone
0%
Nombre maximal d'individus d'une espèce donnée qu'un environnement spécifique peut soutenir durablement. Capacité biotique
0%
Ressource naturelle riche en Carbone comme le charbon, le gaz et le pétrole. Carbone fossile
0%
Organisme qui se nourrit principalement de la chair d'autres animaux. Carnivore
0%
Synthèse de matière organique sans soleil, en utilisant l'énergie chimique issue de matière inorganique. Chimiosynthèse
0%
Ensemble des facteurs biologiques relatifs à un climat donné. Climatope
0%
Interaction biotique où une espèce bénéficie d'une association avec une autre espèce partageant le même écosystème qui n'en tire ni avantage, ni inconvénient. Commensalisme
0%
Ensemble de populations d’espèces. Communauté
0%
Interaction biotique où deux espèces cohabitant dans le même écosystème sont en rivalité pour l'accès aux ressources du milieu. Compétition
0%
Concurrence entre les plantes pour l'accès à la lumière. Compétition lumineuse
0%
Dénombrements à vue ou par échantillonnages ciblés selon la taille des individus. Comptage
0%
Transformation de la vapeur en eau liquide. Condensation
0%
Forme de savoir acquise grâce à des expériences sensorielles. Connaissance empirique
0%
Forme de savoir acquise grâce à un transfert d'informations parmi son groupe. Connaissance transmise
0%
Second niveau (et plus) d'un réseau alimentaire composé principalement d'organismes hétérotrophes : principalement des animaux. Consommateur
0%
Représentation graphique de la probabilité de survie d'une population, cohorte ou groupe en fonction du temps. Courbe de survie
0%
Cycle biochimique régulant la quantité de molécules azotées dans l'air via divers processus biochimiques. Cycle de l'Azote
0%
Cycle biochimique régulant la quantité de molécules carbonnées dans l'air via la photosynthèse et la respiration. Cycle du Carbone
0%
Dernier niveau d'un réseau alimentaire composé principalement d'organismes nécrophages, saprophages et coprophages : Invertébrés et champignons. Décomposeur
0%
Terme qualifiant les bactéries ayant pour rôle de transformer les nitrates (NO3-) en azote atmosphérique (N2). Dénitrifiantes
0%
Processus microbien de respiration anaérobie qui utilise le nitrates (NO3-) pour produire de l'azote atmosphérique (N2). Dénitrification
0%
Nombre d’individus par unité de surface exprimé aussi en biomasse T/ha ou kg/m². Densité
0%
Événement dû à l'activité humaine qui porte atteinte à l'intégrité d'un ou plusieurs écosystème(s). Désastre écologique
0%
Biome chaud la journée, froid la nuit, aux terres sèches et stériles peu propices à la vie (très faible précip./an). Désert
0%
Biome de transition entre le climat aride et humide, formé de grandes steppes (2.5 - 5 cm précip./an). Désert semi aride
0%
Organisme qui se nourrit de matière organique morte. Détritivore
0%
Variété du vivant, incluant les gènes, les espèces et les écosystèmes, ainsi que leurs interactions. Diversité
0%
Présence ou absence d'espèces de végétaux spécifique voire endémique. Division phytogéographique
0%
Unité territoriale climatique et biogéographique fortement lié à leur emplacement continental et océanique. Domaine
0%
Branche de l'écologie qui étudie les variations de la taille, de la structure et de la densité des populations d'êtres vivants au cours du temps. Dynamique des populations
0%
Eau caractérisé par une très forte salinité (environ 35 g/L), couvrant 70% de la surface de la Terre. Eau de mer
0%
Eau caractérisée par une très faible salinité (moins de 0,5 à 1 g/L), essentielle à la consommation humaine et à la vie terrestre. Eau douce
0%
Eau intermédiaire caractérisé par une teneur en sel moyenne (entre 1 et 10 g/L), constituant les lagunes et estuaires. Eau saumâtre
0%
Ensemble d'individus extraits d'une population étudiée de manière à ce qu'il soit représentatif de cette population. Échantillon
0%
Méthode statistique permettant de sélectionner un sous-groupe représentatif d'une population totale pour l'analyser. Échantillonnage
0%
Crime ou activité illégale entrainant la destruction massive et à grande échelle d'écosystèmes. Écocide
0%
Étude des interactions entre les organismes et leur milieu naturel. Écologie
0%
Système formé par les interactions entre les éléments biotiques et abiotiques. Écosystème
0%
Zone de transition écologique entre deux écosystèmes. Écotone
0%
Ensemble des facteurs du sol relatifs à un climat donné. Edaphotope
0%
Influence positif du rassemblement d'individus d'une même espèce sur leur physiologie, leur comportement ou leur survie. Effet de groupe
0%
Influence intense des racines sur le sol environnant, favorisant une activité microbienne 10 à 100 fois supérieure à celle du sol nu. Effet rhizosphère
0%
Départ d’individus d'une espèce vers d’autres lieux. Emigration
0%
Organisme qui vit et se nourrit dans le corps (organes et/ou tissus) de son hôte. Endoparasite
0%
Population animale ou végétale dont les individus peuvent se reproduire entre euxet engendrer une descendance viable et féconde. Espèce
0%
Espèce dont la conservation et la protection de l'habitat permettent, par ricochet, de sauvegarder de nombreuses autres espèces partageant le même écosystème Espèce parapluie
0%
Terme qualifiant une espèce ayant une grande valence écologique (grande variation de ses conditions de vie). Euryèce
0%
Terme qualifiant une espèce capable de tolérer une grande amplitude de température. Eurytherme
0%
Enrichissement excessif d'un milieu aquatique en nutriments (Azote ou Phosphore) entraînant une prolifération anormale de végétaux aquatiques. Eutrophisation
0%
Méthode essentielle pour estimer la taille d'une population animale ou végétale lorsqu'il est impossible de dénombrer chaque individu. Évaluation des effectifs
0%
Transformation de l'eau liquide en vapeur. Évaporation
0%
Émission de vapeur d'eau par la transpiration des végétaux. Évapo-transpiration
0%
Organisme qui vit et se nourrit à la surface externe de son hôte. Exoparasite
0%
Disparition totale d'une espèce ou d'un groupe d'êtres vivants. Extinction
0%
Composante physico-chimique, non vivante, d'un écosystème. Facteur abiotique
0%
Composante physico-chimique, non vivante, la plus importante d'un écosystème, comprenant la lumière, la température et l'humidité. Facteur abiotique majeur
0%
Composante physico-chimique, non vivante, d'un écosystème, comprenant le vent/courant, l'altitude et le pH. Facteur abiotique secondaire
0%
Disponibilité, qualité et répartition des ressources nutritionnelles nécessaires à la survie, à la croissance et à la reproduction des organismes vivants au sein d'un écosystème. Facteur alimentaire
0%
Composante biologique, issu du vivant, d'un écosystème. Facteur biotique
0%
Composante physico-chimique, non vivante, d'un écosystème, forcément liée aux conditions météorologiques (vents, températures, altitude,...). Facteur climatique
0%
Composante physico-chimique, non vivante, d'un écosystème, forcément liée au milieu et/ou à son sol (acidité du sol, hydrologie, courant,...). Facteur édaphique
0%
Composante écologique dont l'absence ou la diminution empêche la croissance d'un organisme ou d'une population. Facteur limitant
0%
Dégradation incomplète de la matière organique produisant du CO2 et des molécules inorganique (comme du méthane). Fermentation
0%
Fixation de l'azote est un processus biologique qui transforme l'azote atmosphérique (N2) en ammoniac (NH3) assimilable pour les plantes et les animaux. Fixation
0%
Terme qualifiant les bactéries ayant pour rôle de fixer l'azote atmosphérique dans le sol ou dans les nodules des plantes. Fixatrices
0%
Biome le plus étendu formé de beaucoup de résineux (35 - 40 cm précip./an). Forêt boréale
0%
Biome au climat marqué par quatre saisons (75 - 150 cm précip./an). Forêt tempérée.
0%
Biome chaud et humide couvrant une large biodiversité (très grande précip./an). Forêt tropicale
0%
Gaz présents dans l'atmosphère qui retiennent la chaleur du soleil. Gaz à effet de serre
0%
Terme qualifiant une plante qui a besoin de beaucoup de lumière pour se développer. Héliophile
0%
Organisme qui vit et se nourrit au dépend de son hôte mais qui est capable de survivre de manière autonome. Hémiparasite
0%
Organisme qui se nourrit principalement de plantes. Herbivore
0%
Terme qualifiant un organisme dont la température moyenne, constante, est indépendante du milieu ambiant (Sang chaud). Homéotherme
0%
Terme qualifiant une espèce vivant en permanence dans l'eau. Hydrophile
0%
Ensemble des facteurs hydriques relatifs à un climat donné. Hydrotope
0%
Terme qualifiant une espèce vivant dans des milieux humides. Hygrophile
0%
Arrivée d’individus d'une espèce venant d’autres lieux. Immigration
0%
Organisme vivant qui interagit avec son environnement, la plus petite unité d'étude. Individu
0%
Terme qualifiant une interaction entre deux espèces différentes. Interspécifique
0%
Terme qualifiant une interaction au sein d'une seule et même espèce. Intraspécifique
0%
Terme qualifiant une espèce importée par l'Homme dans un nouvel environnement où il prolifère et/ou cause des dommages. Invasif
0%
Méthode de protection des cultures utilisant des organismes vivants ou des substances naturelles pour réguler les populations de ravageurs sans recourir aux pesticides chimiques. Lutte biochimique
0%
Méthode de protection des cultures utilisant des ennemis naturels pour réguler les populations de ravageurs sans recourir aux pesticides chimiques. Lutte biologique
0%
Approche écologique de protection des cultures qui privilégie la prévention et les méthodes naturelles pour maintenir les ravageurs sous un seuil nuisible acceptable. Lutte intégrée
0%
Ensemble des conditions climatiques d'une grande zone géographique (pays, continent). Macroclimat
0%
Ensemble des conditions climatiques d'une zone géographique modérée (région, forêt). Mésoclimat
0%
Terme qualifiant une espèce ayant un besoin modéré en eau. Mésophile
0%
Ensemble des microorganisme vivant dans un espace avec des conditions de milieu donnés. Microcénose
0%
Ensemble des conditions climatiques d'une petite étendue (Falaise, terrier). Microclimat
0%
Animal qui se nourrit d'une seule sorte d'aliment, ou d'une variété d'aliment extrêmement restreinte. Monophage
0%
Interaction biotique où deux espèces partageant le même écosystème tirent un bénéfice mutuel l'un de l'autre. Mutualisme
0%
Symbiose naturelle bénéfique entre des champignons du sol et les racines des plantes. Mycorhize
0%
Organisme, qui se nourrit de cadavres d'animaux qu'il n'a pas tués lui-même, jouant un rôle clé d'équarrissage naturel. Nécrophage
0%
Interaction biotique où deux espèces cohabitant dans le même écosystème n'exercent aucune influence, positive ou négative, l'une sur l'autre. Neutralisme
0%
Terme qualifiant un organisme recherchant un milieu au pH compris entre 6 et 7, comme la majorité des espèces vivantes, animales ou végétales. Neutrophile
0%
Ensemble des conditions environnementales et des ressources nécessaires au maintien d'une population dans un écosystème. Niche écologique
0%
Ensemble des conditions environnementales occupées par une espèce non indigène qui exploite des ressources sous-utilisées ou remplace des espèces locales. Niche invasive
0%
Ensemble des conditions environnementales permettant à une espèce de survivre et de se reproduire en l'absence de toute compétition ou prédation. Niche potentielle
0%
Terme qualifiant les bactéries ayant pour rôle de transformer l'ammonium (NH4+) en nitrates (NO3-). Nitrifiantes
0%
Processus biologique qui transforme l'ammonium (NH4+) en nitrites (NO2-) puis en nitrates (NO3-), réalisées par des bactéries spécifiques. Nitrification
0%
Une des caractéristique du vivant, assurant la vie des cellules et de l'organisme. Nutrition
0%
Animal qui se nourrit d'un nombre restreint de types d'aliments, généralement des espèces apparentées ou appartenant à une même famille. Oligophage
0%
Terme qualifiant un diagramme de la température par rapport aux precipitations annuelles. Ombrothermique
0%
Organisme dont le régime alimentaire se compose d'aliments d'origine végétale et animale. Omnivore
0%
Valeur qui permet à un organisme de se développer, de se reproduire et de prospérer au maximum de ses capacités. Optimum écologique
0%
Interaction biotique où une espèce (parasite) vit et se nourrit au dépens d'une autre espèce (hôte) partageant le même écosystème. Parasitisme
0%
Stade du taux de croissance d'une population où son effectif augmente rapidement suite à des facteurs abiotiques et biotiques favorables. Phase de croissance
0%
Stade du taux de croissance d'une population où son effectif ralentit suite à des facteurs abiotiques et biotiques défavorables. Phase de transition
0%
Stade du taux de croissance d'une population où son effectif se stabilise suite à des facteurs abiotiques et biotiques stables et/ou intenses. Phase plateau
0%
Processus biologique utilisant l'énergie lumineuse, du CO2 et de l'eau pour synthétiser du glucose et de l'oxygène. Photosynthèse
0%
Ensemble des espèces végétales vivant dans un espace avec des conditions de milieu donnés. Phytocénose
0%
Terme qualifiant un organisme ayant une température corporelle qui varie avec celle de leur milieu (Sang froid). Poïkilotherme
0%
Animal qui se nourrit d'aliments variés, n'étant pas limité à une seule source de nourriture. Polyphage
0%
Ensemble d’individus d'une même espèce vivant dans un espace donné à un moment donné. Population
0%
Biome produisant beaucoup de graminées au coeur des continents (25 - 75 cm précip./an). Prairie tempérée
0%
Chute de l'eau condensée dans l'atmosphère sous forme de pluie ou de neige. Précipitation
0%
Interaction biotique où une espèce (prédateur) se nourrit d'une autre espèce (proie) partageant le même écosystème. Prédation
0%
Premier niveau d'un réseau alimentaire composé principalement d'organismes autotrophes : des végétaux chlorophylliens, des algues ou du phytoplancton. Producteur
0%
Pyramide alimentaire basée sur la biomasse (kg) des individus situés sur chaque échelon où les organismes situés à la base de la pyramide ont une biomasse plus élevée que ceux situés au sommet. Pyramide de biomasse
0%
Pyramide alimentaire basée sur l'énergie produite (kJ/kcal) par des individus situés sur chaque échelon où les organismes situés à la base de la pyramide ont une valeur énergétique plus élevée que ceux situés au sommet. Pyramide de la productivité
0%
Pyramide alimentaire basée sur le nombre d'individu où les organismes situés à la base de la pyramide sont plus nombreux que ceux situés au sommet. Pyramide de nombre
0%
Représentation graphique montrant la répartition d'une population par sexe et par tranche d'âge à une date donnée. Pyramide des âges
0%
Territoire biogéographique climatiquement et écologiquement homogène pour leur faune et leur flore. Région
0%
Principe zoologique qui stipule que les organismes à sang chaud des climats froids ont habituellement des membres et appendices plus courts que les animaux des climats plus chauds. Règle de Allen
0%
Principe zoologique qui stipule que chez les animaux à sang chaud, la taille corporelle augmente vers les pôles et diminue vers l'équateur, afin de mieux conserver la chaleur dans les climats froids. Règle de Bergmann
0%
Une des caractéristique du vivant, assurant l'adaptation et le bon fonctionnement des organes. Régulation
0%
Une des caractéristique du vivant, assurant les rapports entre l'organisme et l'environnement. Relation
0%
Mode de distribution spatiale où les individus d'une population sont dispersés sans schéma particulier indépendamment de la présence des autres ou des variations du milieu. Répartition aléatoire
0%
Mode de distribution spatiale où les individus d'une population se rassemblent en groupes, souvent en réponse à des facteurs sociaux ou des conditions environnementales favorables. Répartition groupée
0%
Mode de distribution spatiale où les individus d'une population sont équidistants les uns des autres, créant une structure régulière Répartition uniforme
0%
Une des caractéristique du vivant, assurant la survie de l'espèce. Reproduction
0%
Ensemble de chaînes alimentaires interconnectées au sein d'un écosystème, illustrant comment l'énergie et la matière circulent entre les organismes. Réseau alimentaire
0%
Réserve de minéraux et de nutriments que le sol contient. Réservoir minéral
0%
Processus biologique utilisant du glucose et de l'oxygène pour synthétiser du CO2, de l'eau et produire de l'énergie. Respiration
0%
Horloge interne biologique de 24 heures qui régule les cycles de veille et de sommeil. Rythme circadien
0%
Cycle biologique d'une année qui est influencé par les changements de température et de photopériode. Rythme saisonnier
0%
Biome produisant beaucoup de graminées avec des saisons sèches prolongées (< 0.6 cm précip./an). Savane
0%
Terme qualifiant une plante qui a besoin de peu de lumière pour se développer, préférant les milieux ombragés. Sciaphile
0%
Processus décrit au 19ème siècle où les individus les mieux adaptés à leur environnement transmettent mieux leurs caractéristiques à leur progéniture. Sélection naturelle
0%
Mécanisme fondamental de l'évolution, où les individus mieux adaptés à leur environnement survivent davantage et se reproduisent mieux. Sélection naturelle
0%
Terme qualifiant une plante qui garde se feuilles tout au long de l'année. Sempervirente
0%
Service utilisant l'écosystème à des fins récréatives, intellectuelles ou sociales. Service culturel
0%
Service bénéficiant d'une fourniture en matière (aliments, biomasse, fibres, eau,...). Service d'approvisionnement
0%
Service modulant le climat et le cycle de l'eau. Service de régulation
0%
Service conditionnant le bon fonctionnement des écosystèmes permettant le recyclage des nutriments avec production en retour. Service de support
0%
Rapport du nombre de mâles et de femelles au sein d'une espèce à reproduction sexuée. Sex ratio
0%
Processus évolutif par lequel de nouvelles espèces vivantes, génétiquement distinctes, apparaissent à partir d'une population ancestrale. Spéciation
0%
Terme qualifiant une espèce ayant une faible valence écologique (faible variation de ses conditions de vie). Sténoèce
0%
Terme qualifiant une espèce ne pouvant tolérer qu'une petite amplitude de température. Sténotherme
0%
Animal situé au sommet de la chaîne alimentaire à l'âge adulte, qui n'est la proie d'aucune autre espèce dans son habitat Superprédateur
0%
Interaction biotique où deux espèces partageant le même écosystème tirent un bénéfice vital l'un de l'autre au point de ne pas savoir vivre l'un sans l'autre. Symbiose
0%
Terme qualifiant des populations ou espèces apparentées qui occupent la même aire géographique et se rencontrent régulièrement. Sympatrique
0%
Branche de l'écologie qui étudie les relations entre différentes espèces vivantes au sein d'une même communauté et leur milieu. Synécologie
0%
Variable écologique qui mesure la variation de l'effectif d'une population ou de sa biomasse par unité de temps. Taux de croissance
0%
Rapport entre le nombre annuel de décès et la population totale moyenne sur l’année. Taux de mortalité
0%
rapport entre le nombre annuel de naissances et la population totale moyenne sur l’année. Taux de natalité
0%
Biome froid, sec, sans arbre et au sol perpétuellement gelé (<25 cm précip./an). Toundra
0%
Terme qualifiant une espèce présente dans la quasi totalité, voire la totalité des biotopes. Ubiquiste
0%
Remontée d'eaux profondes, froides et riches en nutriments, vers la surface de l'océan. Upwelling
0%
Capacité d'une espèce à s'adapter à des milieux différents en supportant les facteurs écologiques. Valence écologique
0%
Terme qualifiant une espèce vivant dans des milieux secs. Xérophile
0%
Ensemble des espèces animales vivant dans un espace avec des conditions de milieu donnés. Zoocénose
0%
Aucun quiz correspondant
Distribution des résultats
% des personnes avec chaque résultat
Percentile par nombre de réponses
Votre historique - résultats
Vous n’avez pas pris ce quiz depuis la dernière actualisation